000 00666nam a2200217 a 4500
001 52896
003 BD-RjUL
005 20211209075858.0
008 160928s1971 ii 001 0 eng
035 _a(BD-RjUL)53016
040 _aDLC
_cDLC
_dDLC
_dBD-RjUL
_beng
041 _aeng
082 0 0 _a338.954
_223
_bBHP 1971
100 1 _aBhattacharyya, Khagendranath,
_d1907-
_9158141
245 1 0 _aPlanning: economics and economy ;
_bthe Indian context /
_c[by K. N. Bhattacharyya.
260 _aCalcutta :
_bWorld Press,
_c1971.
300 _aviii, 215 p.
_c22 cm.
500 _aIncludes index
651 0 _aIndia
_xEconomic policy
_y1966-1974.
_9158142
942 _2ddc
_cBK
999 _c52896
_d52896